Employment opportunities for women in professional accounting. (Record no. 36898)

MARC details
000 -LEADER
fixed length control field 00845cam a22002411 4500
001 - CONTROL NUMBER
control field l 55000269
003 - CONTROL NUMBER IDENTIFIER
control field DLC
005 - DATE AND TIME OF LATEST TRANSACTION
control field 20260227111544.0
008 - FIXED-LENGTH DATA ELEMENTS--GENERAL INFORMATION
fixed length control field 810126s1955 dcua b f000 0 eng c
010 ## - LIBRARY OF CONGRESS CONTROL NUMBER
LC control number l 55000269
035 ## - SYSTEM CONTROL NUMBER
System control number (OCoLC)7084328
040 ## - CATALOGING SOURCE
Original cataloging agency U.S. Dept. of Labor Library
Transcribing agency ViBlbV
Modifying agency DLC
042 ## - AUTHENTICATION CODE
Authentication code premarc
050 00 - LIBRARY OF CONGRESS CALL NUMBER
Classification number HD6093
Item number .A35 no. 258
100 1# - MAIN ENTRY--PERSONAL NAME
Personal name Inke, Lillian V.
245 10 - TITLE STATEMENT
Title Employment opportunities for women in professional accounting.
Statement of responsibility, etc. [Prepared by Lillian V. Inke with the assistance of Annie Lefkowitz]
260 ## - PUBLICATION, DISTRIBUTION, ETC.
Place of publication, distribution, etc. Washington,
Name of publisher, distributor, etc. U.S. Govt. Print. Off.,
Date of publication, distribution, etc. 1955.
300 ## - PHYSICAL DESCRIPTION
Extent v, 40 p.
Other physical details illus.
Dimensions 24 cm.
410 10 - SERIES STATEMENT/ADDED ENTRY--CORPORATE NAME [OBSOLETE, CAN/MARC], [LOCAL, USA]
Corporate name or jurisdiction name as entry element United States.
Subordinate unit Women's Bureau.
Title of a work Bulletin
Volume number/sequential designation no. 258
504 ## - BIBLIOGRAPHY, ETC. NOTE
Bibliography, etc. note Bibliography: p. 38-40.
650 #0 - SUBJECT ADDED ENTRY--TOPICAL TERM
Topical term or geographic name entry element Accounting
General subdivision Vocational guidance.
650 #0 - SUBJECT ADDED ENTRY--TOPICAL TERM
Topical term or geographic name entry element Women
General subdivision Employment
Geographic subdivision United States.

No items available.

Powered by Koha